000 01146nam a22003377a 4500
003 CHAP
005 20220329140253.0
008 971013s1987 r 00010 d
010 _a49540
011 _a50512
035 _a54662
040 _cCHAP
090 _aTesis
100 0 0 _aTorres Alvarez, Francisco.
_9114040
245 _aComparación de genotipos de ajonjolí (Sesamun indicum L.) por su rendimiento en tierra caliente
260 _aChapingo, Méx. :
_bel autor,
_c1987
300 _a71 h.
_b: gráfs.
502 _aTesis (Ing. Agr. Esp. en Fototecnia) -- UACH. Depto. de Fitotecnia
590 _aALEPH
_b10
_c20130110
_lUCH01
_h1322
590 _aBATCH-UPD
_b10
_c20130110
_lUCH01
_h0807
590 _aBATCH-UPD
_b10
_c20130410
_lUCH01
_h0444
590 _aBATCH-UPD
_b10
_c20130913
_lUCH01
_h2334
590 _aCONVERSION
_b10
_c20130109
_lUCH01
_h1327
650 1 4 _aAjonjolí
_xGenetica.
_93236
650 1 4 _aAjonjolí
_xRendimiento.
_93250
650 1 4 _aAjonjolí
_xVariedades.
_93256
901 _aBK
942 _cFOLL
949 _bBC
_cTES
_d-120470
_eTS1
_h19718
_i54662
_si
949 _bBC
_cTES
_d-120471
_eTS2
_fc.2
_h19719
_i54662
_si
999 _c49540
_d49540